000 02445nam a2200301 i 4500
003 DO-SdBNP
005 20240708111948.0
007 ta
008 240708s2000 sp 000 j spa d
020 _a8483101548
040 _aDO-SdBNP
_bspa
_cBNPHU
_erda
082 _bU66
_222
100 _aUpdike, John
_911765
_eautor
_d1932-2009
240 1 0 _aGertrude and Claudius /
245 1 0 _aGertrudis y Claudio /
_cJohn Updike ; traducción Jordi Fibla
264 1 _aBarcelona, España :
_bTusQuets editores,
_c2000.
300 _a232 páginas,
_c21 cm.
336 _2rdacontent
_atexto
_btxt
337 _2rdamedia
_asin mediación
_bn
338 _2rdacarrier
_avolumen
_bnc
490 1 _aAndanzas
_v426
500 _aIncluye datos biografícos del autor en la solapa de la portada.
520 _aPor fortuna, John Updike es ya un habitual de nuestro catálogo, pues cada uno de sus libros depara una grata sorpresa: si en Hacia el final del tiempo (Andanzas 393) ambientaba la acción en el año 2020 y nos brindaba así una compleja metáfora de la sociedad que se nos avecina, en Gertrudis y Claudio, reyes de Dinamarca, recrea ni más ni menos que el turbulento y a la vez apasionante mundo de las sagas nórdicas en que siglos más tarde William Shakespeare se inspiraría para escribir la tragedia de Hamlet. La tragedia Hamlet, de Shakespeare, comienza cuando el espectro del rey de Dinamarca, que acaba de morir asesinado por su hermano Claudio, se le aparece a su hijo Hamlet clamando venganza. Updike, en cambio, se remonta en la leyenda y nos adentra en un drama anterior, el de la pasión de Claudio por Gertrudis, esposa del rey asesinado y madre de Hamlet. La joven princesa Gertrudis, obedeciendo órdenes paternas, se había casado sin amar a su futuro marido y no pudo evitar enamorarse perdidamente de su melancólico y soñador cuñado. Durante trece años Claudio y Gertrudis, locos de amor, reprimieron la explosión de sus sentimientos. Envueltos en la envidia, los celos desgarrados y las indecisiones, pudo más la pasión. Al contarnos el origen de la tragedia hamletiana, Updike arroja irónicamente una luz nueva no sólo sobre el hosco resentimiento de Hamlet, sino también sobre las razones que condujeron a gente tan docta y sabia a una sucesión de muertes irracionales.
590 _aInventariado, 2024/ YL
700 _aFibla, Jordi
_etraducción
_911174
910 _aYLockward
942 _2ddc
_cLBS1
999 _c57199
_d57199